书目信息 |
| 题名: |
表面活性剂清洁生产工艺
|
|
| 作者: | 朱领地 主编 | |
| 分册: | ||
| 出版信息: | 北京 化学工业出版社 2005 |
|
| 页数: | 395页 | |
| 开本: | 21cm | |
| 丛书名: | ||
| 单 册: | ||
| 中图分类: | TQ423 | |
| 科图分类: | ||
| 主题词: | 表面活性剂--无污染工艺 , 表面活性剂 , 无污染工艺 | |
| 电子资源: | ||
| ISBN: | 7-5025-6073-4 | |
| 000 | 00882nam0 2200265 450 | |
| 001 | 002801153 | |
| 005 | 20080303094637.87 | |
| 010 | @a7-5025-6073-4@dCNY30.00 | |
| 035 | @a002801153 | |
| 100 | @a20050104d2005 em y0chiy0110 ea | |
| 101 | 0 | @achi |
| 102 | @aCN@b110000 | |
| 105 | @ay z 000yy | |
| 106 | @ar | |
| 200 | 1 | @a表面活性剂清洁生产工艺@Abiao mian huo xing ji qing jie sheng chan gong yi@f朱领地主编 |
| 210 | @a北京@c化学工业出版社@d2005 | |
| 215 | @a395页@d21cm | |
| 330 | @a本书内容包括天然表面活性剂、非离子表面活性剂、阳离子表面活性剂、阴离子表面活性剂、两性表面活性剂、生物表面活性剂的清洁生产工艺,共6章。叙述了其性状、生产工艺、技术指标及用途等。 | |
| 606 | 0 | @a表面活性剂@x无污染工艺 |
| 606 | 0 | @a表面活性剂 |
| 606 | 0 | @a无污染工艺 |
| 690 | @aTQ423@v4 | |
| 701 | 0 | @a朱领地@Azhu ling di@4主编 |
| 801 | 0 | @aCN@bNLC@c20080303 |
| 905 | @dTQ423@e23@f4 | |
| 表面活性剂清洁生产工艺/朱领地主编.-北京:化学工业出版社,2005 |
| 395页;21cm |
| ISBN 7-5025-6073-4:CNY30.00 |
| 本书内容包括天然表面活性剂、非离子表面活性剂、阳离子表面活性剂、阴离子表面活性剂、两性表面活性剂、生物表面活性剂的清洁生产工艺,共6章。叙述了其性状、生产工艺、技术指标及用途等。 |
| ● |
| 相关链接 |
|
|
|
|
正题名:表面活性剂清洁生产工艺
索取号:TQ423/23
 
预约/预借
| 序号 | 登录号 | 条形码 | 馆藏地/架位号 | 状态 | 备注 |
| 1 | 0614882 | 206148827 | 第二样本阅览室/ [索取号:TQ423/23] | 在馆 | |
| 2 | 0614883 | 206148836 | 第三借阅区/ [索取号:TQ423/23] | 在馆 | |
| 3 | 0614884 | 206148845 | 第三借阅区/ [索取号:TQ423/23] | 在馆 | |
| 4 | 0614885 | 206148854 | 第三借阅区/ [索取号:TQ423/23] | 在馆 |